000
00256nam a22001097a 4500
020
_a
8127220396
082
_a
631.1
_b
PAL/OB
100
_a
Pal, Mahendra Singh
245
_a
Objective agriculture
260
_a
Ludhiana
_b
Kalyani publishers
_c
2012
942
_c
BK
999
_c
13943
_d
13943